| 000 | 00440nam a22001457a 4500 | ||
|---|---|---|---|
| 999 |
_c7882 _d7882 |
||
| 003 | OSt | ||
| 005 | 20200528115706.0 | ||
| 008 | 200528b ||||| |||| 00| 0 eng d | ||
| 020 | _a9788131522035 | ||
| 082 |
_a658.404 _bMOU |
||
| 100 | _a Moustafaev, Jamal, | ||
| 245 |
_aDelivering exceptional project results/ _b a practical guide to project selection, scoping, estimation and management |
||
| 260 |
_bJ. Ross Publishing _c2010 |
||
| 942 | _2ddc | ||